U.S. States by Google Maps Cover Photo - Statistics

General Stats
  • This quiz has been taken 170 times
  • The average score is 17 of 50
Answer Stats
Picture Answer % Correct
New Mexico
82%
Washington
82%
Arizona
75%
Utah
71%
New York
70%
Nevada
68%
Vermont
68%
Florida
58%
Oregon
55%
California
54%
Colorado
54%
Illinois
52%
Pennsylvania
50%
Rhode Island
46%
South Carolina
42%
Idaho
38%
Alabama
37%
Delaware
33%
Ohio
33%
Hawaii
32%
Alaska
31%
Maine
31%
Virginia
27%
Wyoming
25%
North Dakota
24%
Georgia
23%
Indiana
23%
Oklahoma
23%
South Dakota
23%
Minnesota
20%
Mississippi
20%
North Carolina
20%
Tennessee
20%
Louisiana
16%
Michigan
16%
New Hampshire
16%
Texas
16%
Connecticut
15%
Iowa
15%
Kentucky
15%
Missouri
15%
Montana
15%
Nebraska
15%
New Jersey
15%
West Virginia
15%
Massachusetts
14%
Arkansas
13%
Kansas
13%
Maryland
13%
Wisconsin
13%
No matching quizzes found
Score Distribution
Percent of People with Each Score
Percentile by Number Answered
Your Score History
You have not taken this quiz